| 000 | 00376nam a2200157Ia 4500 | ||
|---|---|---|---|
| 100 | _aCromwell/leslie/ Weibell/F.J | ||
| 250 | _a2 | ||
| 942 | _cBK | ||
| 366 | _f15 | ||
| 654 | _abiomedical | ||
| 245 | _aBiomedical instrumentation and measurements | ||
| 260 |
_bPrentice Hall of India _aNew Delhi _c1980 |
||
| 082 |
_a610.28/CRO _bCRO |
||
| 300 | _a510 | ||
| 546 | _aENGLISH | ||
| 999 |
_c20534 _d20534 |
||